| 000 | 00584nam a2200193Ia 4500 | ||
|---|---|---|---|
| 005 | 20240719050756.0 | ||
| 008 | 240331s9999 xx 000 0 und d | ||
| 020 | _a9559570501 | ||
| 082 |
_a291 _bPEE |
||
| 100 | _aPeebles, J.M | ||
| 245 | 0 |
_aBuddhism and Christianity : _bBeing an oral Debate Held at Panadura between The Rev. Migettuwatte Gunananda and The Rev.David De Silva a Wesleyan Cleryman |
|
| 260 |
_aColombo _bDon Hema Udawattage _c1994 |
||
| 300 | _a166, p ., | ||
| 650 | _aBuddhism | ||
| 650 | _aChristianity | ||
| 650 | _aPolitical | ||
| 650 | _aCultural | ||
| 942 | _cL | ||
| 999 |
_c829 _d829 |
||